| 000 | 00399nam a22001697a 4500 | ||
|---|---|---|---|
| 003 | MPLRDC | ||
| 005 | 20220104163017.0 | ||
| 008 | 210129b ||||| |||| 00| 0 eng d | ||
| 020 | _a0-13-473371-1 | ||
| 082 | _a574 HOL | ||
| 100 | _aK.J. HOLSTI | ||
| 245 |
_aINTERNATIONAL POLITICS _c |
||
| 260 |
_a _bPRENTICE-HALL INTERNATIONL, INC. _c |
||
| 300 | _b精 | ||
| 650 | _a | ||
| 942 |
_cBK _o574 HOL |
||
| 999 |
_c56249 _d56239 |
||